Library Logo

Pioneer International University Library Catalogue

Personal influence; (Record no. 6383)

MARC details
000 -LEADER
fixed length control field 01088cam a22002891 4500
001 - CONTROL NUMBER
control field 1220861
003 - CONTROL NUMBER IDENTIFIER
control field OSt
005 - DATE AND TIME OF LATEST TRANSACTION
control field 20250901165607.0
008 - FIXED-LENGTH DATA ELEMENTS--GENERAL INFORMATION
fixed length control field 721213s1955 iluak b 000 0 eng
010 ## - LIBRARY OF CONGRESS CONTROL NUMBER
LC control number 55007334
040 ## - CATALOGING SOURCE
Original cataloging agency DLC
Transcribing agency DLC
Modifying agency DLC
050 00 - LIBRARY OF CONGRESS CALL NUMBER
Classification number HM261 .K27 1964
Item number .K27 1964
082 00 - DEWEY DECIMAL CLASSIFICATION NUMBER
Classification number 301.154
-- 301.152*
100 1# - MAIN ENTRY--PERSONAL NAME
Personal name Katz, Elihu,
Dates associated with a name 1926-
245 10 - TITLE STATEMENT
Title Personal influence;
Remainder of title the part played by people in the flow of mass communications,
Statement of responsibility, etc. by Elihu Katz and Paul F. Lazarsfeld. With a foreword by Elmo Roper.
260 ## - PUBLICATION, DISTRIBUTION, ETC.
Place of publication, distribution, etc. Glencoe, Ill.,
Name of publisher, distributor, etc. Free Press
Date of publication, distribution, etc. [1955]
300 ## - PHYSICAL DESCRIPTION
Extent xx, 400 p.
Other physical details diagrs., forms, tables.
Dimensions 22 cm.
490 0# - SERIES STATEMENT
Series statement Foundations of communications research
500 ## - GENERAL NOTE
General note "A report of the Bureau of Applied Social Research, Columbia University."
504 ## - BIBLIOGRAPHY, ETC. NOTE
Bibliography, etc. note Bibliography: p. 381-393.
650 #0 - SUBJECT ADDED ENTRY--TOPICAL TERM
Topical term or geographic name entry element Public opinion.
650 #0 - SUBJECT ADDED ENTRY--TOPICAL TERM
Topical term or geographic name entry element Mass media.
700 1# - ADDED ENTRY--PERSONAL NAME
Personal name Lazarsfeld, Paul F.,
Dates associated with a name 1901-1976,
Relator term joint author.
710 2# - ADDED ENTRY--CORPORATE NAME
Corporate name or jurisdiction name as entry element Columbia University.
Subordinate unit Bureau of Applied Social Research.
906 ## - LOCAL DATA ELEMENT F, LDF (RLIN)
a 7
b cbc
c orignew
d u
e ocip
f 19
g y-gencatlg
942 ## - ADDED ENTRY ELEMENTS (KOHA)
Source of classification or shelving scheme Dewey Decimal Classification
Koha item type Books
Holdings
Withdrawn status Lost status Source of classification or shelving scheme Damaged status Not for loan Home library Current library Shelving location Date acquired Total checkouts Full call number Barcode Date last seen Price effective from Koha item type
    Library of Congress Classification     Main Library Main Library   01/23/2024   HM261 .K27 1964 PIU0009639 01/23/2024 01/23/2024 Books